ბათუმის შოთა რუსთაველის სახელმწიფო უნივერსიტეტის ბიბლიოთეკა

პედაგოგიური ფაკულტეტი-წარსული, აწმყო, მომავალი (1933-2013) / (ბიბ.ჩანაწერი № 41677)

000 -ლიდერი
ფიქსირებული სიგრძის საკონტროლო ველი 01795nam a2200277Ia 4500
001 - საკონტროლო ნომერი
საკონტროლო ველი 8351
003 - საკონტროლო ნომრის იდენტიფიკატორი
საკონტროლო ველი GE_BSU
005 - ბოლო ოპერაციის თარიღი და დრო
საკონტროლო ველი 20240502105138.0
008 - ფიქსირებული სიგრძის მონაცემთა ელემენტები - ზოგადი ინფორმაცია
ფიქსირებული სიგრძის საკონტროლო ველი 181216s2012||||ge |||||||||||||| ||geo||
020 ## - წიგნის საერთაშორისო სტანდარტული ნომერი
International Standard Book Number 9789941448058
040 ## - კატალოგიზაციის წყარო
Transcribing agency GE_BSU
041 ## - ენის კოდი
Language code of text/sound track or separate title geo
080 ## - უნივერსალური ათობითი კლასიფიკაციის ინდექსი
Universal Decimal Classification number 37.01(09) ბ–29
100 ## - მთავარი ჩანაწერი - პიროვნების სახელი
Personal name ბასილაძე, იმერი
9 (RLIN) 4917
245 ## - ცნობა სათაურის შესახებ
Title პედაგოგიური ფაკულტეტი-წარსული, აწმყო, მომავალი (1933-2013) /
Statement of responsibility, etc იმერი ბასილაძე ; რედ. : ლეილა აბზიანიძე, ვლადიმერ ადეიშვილი ; აკ. წერეთლის სახელმწ. უნ-ტი..
264 ## - წარმოების, გამოცემის, დისტრიბუციის და სხვა ცნობები
გამოცემის, წარმოების, დისტრიბუციის... ადგილი ქუთაისი :
გამოცემის, წარმოების, დისტრიბუციის... სახელწოდება აკაკი წერეთლის სახ. უნ–ტის გამ–ბა,
გამოცემის, წარმოების, დისტრიბუციის... თარიღი 2012.
300 ## - ფიზიკური აღწერა
Extent 328 გვ. :
Other physical details ფოტ. ;
Dimensions 20 სმ.
500 ## - ზოგადი შენიშვნა
General note თავფურცელზე ავტორის მინაწერი
653 ## - INDEX TERM--UNCONTROLLED
Uncontrolled term პედაგოგიური ფაკულტეტი-წარსული, აწმყო, მომავალი
653 ## - INDEX TERM--UNCONTROLLED
Uncontrolled term ქუთაისის სახელმწიფო უნივერსიტეტის ისტორია
653 ## - INDEX TERM--UNCONTROLLED
Uncontrolled term ქართველი პედაგოგები
700 ## - ADDED ENTRY--PERSONAL NAME
Personal name აბზიანიძე, ლეილა
Relator term რედაქტორი
9 (RLIN) 22031
700 ## - ADDED ENTRY--PERSONAL NAME
Personal name ადეიშვილი, ვლადიმერ
Relator term რედაქტორი
9 (RLIN) 22032
710 ## - ADDED ENTRY--CORPORATE NAME
Corporate name or jurisdiction name as entry element აკაკი წერეთლის სახელმწიფო უნივერსიტეტი
9 (RLIN) 22033
942 ## - ADDED ENTRY ELEMENTS (KOHA)
Koha item type წიგნი
Source of classification or shelving scheme
ეგზემპლარები
ჩამოწერის სტატუსი დაკარგული ეგზემპლარის სტატუსი კლასიფიკაციის წყარო ან თაროზე გაწყობის სქემა დაზიანების სტატუსი არ გაიცემა მუდმივი მდებარეობა (დაცვის ადგილი) ამჟამინდელი ადგილსამყოფელი თაროზე განთავსების ადგილი შეძენის თარიღი სრული შენახვის შიფრი შტრიხკოდი ბოლო ოპერაციის თარიღი ეგზემპლარის მიმდევრობითი ნომერი (კეტერი?) ფასის ძალაში შესვლის თარიღი ეგზემპლარის სახეობა
          ბათუმის შოთა რუსთაველის სახელმწიფო უნივერსიტეტის მთავარი ბიბლიოთეკა ბათუმის შოთა რუსთაველის სახელმწიფო უნივერსიტეტის მთავარი ბიბლიოთეკა წიგნსაცავი 2018-12-17 37.01(09) ბ–29 26717 2018-12-17 26717 2018-12-17 წიგნი